MARC details
| 000 -CABECERA |
| campo de control de longitud fija |
01027nam a2200217 a 4500 |
| 001 - NÚMERO DE CONTROL |
| campo de control |
000029150 |
| 005 - FECHA Y HORA DE LA ÚLTIMA TRANSACCIÓN |
| campo de control |
20240409073642.0 |
| 008 - DATOS DE LONGITUD FIJA--INFORMACIÓN GENERAL |
| campo de control de longitud fija |
110413t1960 dr ac 000 0dspa d |
| 040 ## - FUENTE DE LA CATALOGACIÓN |
| Centro catalogador/agencia de origen |
DO-SdBNP |
| Lengua de catalogación |
spa |
| Centro/agencia transcriptor |
BNPHU |
| 082 ## - NÚMERO DE LA CLASIFICACIÓN DECIMAL DEWEY |
| Número de clasificación |
F-RD 26 |
| 049 ## - FONDOS LOCALES (OCLC) |
| Fondos de biblioteca |
BNPD |
| 245 01 - MENCIÓN DE TÍTULO |
| Título |
Trujillo protector de la iglesia dominicana / |
| Mención de responsabilidad, etc. |
Zenón Castillo de Aza. |
| 260 ## - PUBLICACIÓN, DISTRIBUCIÓN, ETC. |
| Lugar de publicación, distribución, etc. |
[Ciudad Trujillo, República Dominicana] : |
| Nombre del editor, distribuidor, etc. |
Handicap, |
| Fecha de publicación, distribución, etc. |
1960. |
| 300 ## - DESCRIPCIÓN FÍSICA |
| Extensión |
23 p. : |
| Otras características físicas |
il., retrs. ; |
| Dimensiones |
22. |
| 505 0# - NOTA DE CONTENIDO CON FORMATO |
| Nota de contenido con formato |
Discursos pronunciados el 18 de diciembre de 1960 por los párrocos de Julia Molina y Castillo y por el Reverendo Zenón Castillo de Aza en la inauguración de las iglesias, casas curiales y salones parroquiales de dichas poblaciones. |
| 600 10 - PUNTO DE ACCESO ADICIONAL DE MATERIA--NOMBRE DE PERSONA |
| Nombre de persona |
Trujillo Molina, Rafael Leónidas, |
| Fechas asociadas al nombre |
1891-1961 |
| 9 (RLIN) |
76764 |
| 650 #4 - PUNTO DE ACCESO ADICIONAL DE MATERIA--TÉRMINO DE MATERIA |
| Término de materia o nombre geográfico como elemento de entrada |
Iglesia católica |
| Subdivisión geográfica |
República Dominicana |
| Subdivisión general |
Historia |
| Subdivisión cronológica |
SIGLO XX |
| 9 (RLIN) |
12043 |
| 650 #4 - PUNTO DE ACCESO ADICIONAL DE MATERIA--TÉRMINO DE MATERIA |
| Término de materia o nombre geográfico como elemento de entrada |
Iglesia y estado en república dominicana |
| Subdivisión general |
Siglo xx |
| 9 (RLIN) |
12044 |
| 700 12 - PUNTO DE ACCESO ADICIONAL--NOMBRE DE PERSONA |
| Nombre de persona |
Castillo de Azua, Zenón |
| 9 (RLIN) |
56058 |
| 910 ## - DATOS DE OPCIÓN DEL USUARIO (OCLC) |
| Datos de opción del usuario |
Validado. Control de calidad EMS. |